| 000 | 00599cam a22001934a 4500 | ||
|---|---|---|---|
| 020 | _a0195471202 | ||
| 020 | _a9780195471205 | ||
| 082 |
_a954.9105 _bKEN _cN-01, P-146 |
||
| 245 | 0 | 0 |
_aPakistan 2005 / _cedited by Charles H. Kennedy and Cynthia Botteron. |
| 260 |
_aKarachi : _bOxford University Press, _c2006. |
||
| 300 |
_axii, 293 p. ; _c23 cm. |
||
| 490 | 1 | _a[Pakistan briefing series ; | |
| 500 | _aSeries on jacket. | ||
| 526 |
_a0 _b0 _c0 _d954_910500000000000_KEN |
||
| 650 |
_aMCE _9379 |
||
| 700 | 1 |
_aBotteron, Cynthia. _946363 |
|
| 700 | 1 |
_aKennedy, Charles H. _946364 |
|
| 942 |
_2ddc _cBK |
||
| 999 |
_c549713 _d549713 |
||